Catálogo

COMO SE ESCRIBE UN POEMA : (Registro nro. 19669)

Detalles MARC
000 -LEADER
fixed length control field 00477nam a2200181 a 4500
001 - CONTROL NUMBER
control field 19669
005 - DATE AND TIME OF LATEST TRANSACTION
control field 20180713213134.0
008 - FIXED-LENGTH DATA ELEMENTS--GENERAL INFORMATION
fixed length control field 140415s1994 ag 000 0 spa d
020 ## - INTERNATIONAL STANDARD BOOK NUMBER
International Standard Book Number 9500284375
041 ## - LANGUAGE CODE
Language code of text/sound track or separate title spa
082 ## - DEWEY DECIMAL CLASSIFICATION NUMBER
Classification number 801.951
Item number COM
245 00 - TITLE STATEMENT
Title COMO SE ESCRIBE UN POEMA :
Remainder of title (ESPAÑOL Y PORTUGUES)
250 ## - EDITION STATEMENT
Edition statement 1a ed.
260 ## - PUBLICATION, DISTRIBUTION, ETC.
Place of publication, distribution, etc. ARGENTINA :
Name of publisher, distributor, etc. EL ATENEO,
Date of publication, distribution, etc. 1994
300 ## - PHYSICAL DESCRIPTION
Extent 252
490 ## - SERIES STATEMENT
Series statement SERIE EL TALLER DEL ESCRITOR
650 14 - SUBJECT ADDED ENTRY--TOPICAL TERM
Topical term or geographic name entry element POETICA
Existencias
Withdrawn status Lost status Source of classification or shelving scheme Damaged status Not for loan Collection code Home library Current library Shelving location Date acquired Source of acquisition Inventory number Total Checkouts Full call number Barcode Date last seen Price effective from Koha item type
    Dewey Decimal Classification     General Biblioteca Karol Wojtyla Biblioteca Karol Wojtyla Sala general 03/12/2013 Compra 151000000000000000031586   801.951 COM 39218 05/01/2026 03/12/2013 Libro